<?xml version="1.0" encoding="UTF-8"?>
<record
    xmlns:xsi="http://www.w3.org/2001/XMLSchema-instance"
    xsi:schemaLocation="http://www.loc.gov/MARC21/slim http://www.loc.gov/standards/marcxml/schema/MARC21slim.xsd"
    xmlns="http://www.loc.gov/MARC21/slim">

  <leader>04034nam a2200433 a 4500</leader>
  <controlfield tag="001">dia_520</controlfield>
  <controlfield tag="003">CHAP</controlfield>
  <controlfield tag="005">20251008175240.0</controlfield>
  <controlfield tag="007">ta</controlfield>
  <controlfield tag="008">220117s1992    mx d   frm    001 0 spa d</controlfield>
  <datafield tag="010" ind1=" " ind2=" ">
    <subfield code="a">171072</subfield>
  </datafield>
  <datafield tag="040" ind1=" " ind2=" ">
    <subfield code="c">CHAP</subfield>
    <subfield code="a">mxchpua</subfield>
    <subfield code="e">rda</subfield>
  </datafield>
  <datafield tag="041" ind1="0" ind2=" ">
    <subfield code="a">spa</subfield>
    <subfield code="b">spa</subfield>
  </datafield>
  <datafield tag="090" ind1=" " ind2=" ">
    <subfield code="a">Tesis</subfield>
    <subfield code="b">G37</subfield>
    <subfield code="c">1992</subfield>
  </datafield>
  <datafield tag="100" ind1="1" ind2=" ">
    <subfield code="a">Garc&#xED;a Osorio, Cecilia</subfield>
  </datafield>
  <datafield tag="245" ind1="1" ind2="0">
    <subfield code="a">Nixtamalizaci&#xF3;n de frijol (Phaseolus vulgaris L.) endurecido para elaboraci&#xF3;n de tortillas, mediante mezclas frijol-ma&#xED;z /</subfield>
    <subfield code="c">Cecilia Garc&#xED;a Osorio</subfield>
  </datafield>
  <datafield tag="264" ind1=" " ind2=" ">
    <subfield code="a">Chapingo, M&#xE9;xico :</subfield>
    <subfield code="b">El autor,</subfield>
    <subfield code="c">1992</subfield>
  </datafield>
  <datafield tag="300" ind1=" " ind2=" ">
    <subfield code="a">ii, 77 hojas :</subfield>
    <subfield code="b">gr&#xE1;ficas, tablas</subfield>
  </datafield>
  <datafield tag="336" ind1=" " ind2=" ">
    <subfield code="2">rdacontent</subfield>
    <subfield code="a">texto</subfield>
    <subfield code="b">txt</subfield>
  </datafield>
  <datafield tag="337" ind1=" " ind2=" ">
    <subfield code="2">rdamedia</subfield>
    <subfield code="a">no mediado</subfield>
    <subfield code="b">n</subfield>
  </datafield>
  <datafield tag="338" ind1=" " ind2=" ">
    <subfield code="2">rdacarrier</subfield>
    <subfield code="a">volumen</subfield>
    <subfield code="b">nc</subfield>
  </datafield>
  <datafield tag="502" ind1=" " ind2=" ">
    <subfield code="a">Tesis </subfield>
    <subfield code="b">(Ingeniero Agroindustrial) -- </subfield>
    <subfield code="c">UACh. Departamento de Ingenier&#xED;a Agroindustrial, </subfield>
    <subfield code="d">1992</subfield>
  </datafield>
  <datafield tag="504" ind1=" " ind2=" ">
    <subfield code="a">Bibliograf&#xED;a: hojas 68-74</subfield>
  </datafield>
  <datafield tag="520" ind1="3" ind2=" ">
    <subfield code="a">Las p&#xE9;rdidas post-cosecha que se tienen para el caso frijol, son de considerable magnitud en t&#xE9;rminos cantidad disponible en toda Am&#xE9;rica Latina. Por ejemplo, para el caso del endurecimiento que es producto de un almacenamiento prolongado bajo condiciones inadecuadas, trae como consecuencia un incremento en el tiempo de cocimiento, lo cual demerita su calidad comercial. Lo anterior motiva el estudio de alternativas de costo y de para el uso de este frijol que est&#xE1; fuera de norma, siendo &#xE9;ste el prop&#xF3;sito del presente trabajo, cuyo objetivo fue encontrar un aprovechamiento para el frijol denominado fuera de norma, por medio de la nixtamalizaci&#xF3;n de ma&#xED;z-frijol para la elaboraci&#xF3;n de tortilla, con una calidad nutricional y comercial aceptable. La investigaci&#xF3;n se realiz&#xF3; en las instalaciones del Laboratorio de Tecnolog&#xED;a de Alimentos perteneciente al Instituto Nacional de Investigaciones Agr&#xED;colas y Forestales (INFAP) y en el Laboratorio de Investigaci&#xF3;n del Departamento de Ingenier&#xED;a Agroindustrial de la Universidad Aut&#xF3;noma Chapingo. Se emple&#xF3; frijol azufrado endurecido proporcionado por el Laboratorio de Tecnolog&#xED;a de Alimentos cuya caracter&#xED;stica culinaria fue de 540min de cocimiento. Pruebas preliminares indicaron que el frijol entero, a nixtamalizado le transfer&#xED;a las tortillas un color caf&#xE9; desagradable, por lo que se decidi&#xF3; emplear s&#xF3;lo el cotiled&#xF3;n. Los resultados mostraron que no existe variaci&#xF3;n del rendimiento masa-tortilla y se pueden obtener tortillas con calidad sensorial tan buenas como el testigo, adem&#xE1;s de incrementar la calidad prote&#xED;nica. El contenido de prote&#xED;na estuvo directamente relacionado con el nivel de sustituci&#xF3;n, siendo la mejor mezcla la obtenida con 10% de frijol endurecido y 30min de nixtamalizaci&#xF3;n, cuyo valor fue de 11.8%, este incremento representa el 26.3% en relaci&#xF3;n con el testigo. La evaluaci&#xF3;n sensorial indic&#xF3; que las mejores tortillas fueron las elaboradas con 30 min de nixtamalizaci&#xF3;n sin importar el porcentaje de frijol manejados en este trabajo. En vida de anaquel, estad&#xED;sticamente no hubo diferencias significativas. La evaluaci&#xF3;n microbiol&#xF3;gica mostr&#xF3; que el crecimiento microbiano es directamente proporcional al porcentaje de frijol en la mezcla; por ejemplo, para cuenta total de bacterias a las 48h de almacenamiento para el testigo fue de 6, para las mezclas con 5% de frijol los valores fueron de 37 y 750 colonias por gramo de muestra, respectivamente.&#xA0;</subfield>
  </datafield>
  <datafield tag="650" ind1="1" ind2="3">
    <subfield code="a">Masa de ma&#xED;z</subfield>
    <subfield code="2">atg</subfield>
    <subfield code="x">Frijol</subfield>
  </datafield>
  <datafield tag="650" ind1="1" ind2="3">
    <subfield code="a">Frijoles</subfield>
    <subfield code="x">Nixtamalizaci&#xF3;n</subfield>
    <subfield code="2">atg</subfield>
  </datafield>
  <datafield tag="650" ind1="1" ind2="3">
    <subfield code="a">Tortillas (mexicanas)</subfield>
    <subfield code="x">Ma&#xED;z</subfield>
    <subfield code="x">Frijoles</subfield>
    <subfield code="2">atg</subfield>
  </datafield>
  <datafield tag="650" ind1="1" ind2="3">
    <subfield code="a">Masa</subfield>
    <subfield code="x">Frijoles</subfield>
    <subfield code="2">atg</subfield>
  </datafield>
  <datafield tag="650" ind1="1" ind2="3">
    <subfield code="a">Beans</subfield>
    <subfield code="x">Nixtamalization</subfield>
    <subfield code="2">atg</subfield>
  </datafield>
  <datafield tag="650" ind1="1" ind2="3">
    <subfield code="a">Tortillas</subfield>
    <subfield code="2">atg</subfield>
    <subfield code="x">Corn</subfield>
    <subfield code="x">Beans</subfield>
  </datafield>
  <datafield tag="700" ind1="1" ind2=" ">
    <subfield code="a">V&#xE1;zquez Carrillo, Mar&#xED;a Gricelda</subfield>
    <subfield code="e">directora</subfield>
  </datafield>
  <datafield tag="700" ind1="1" ind2=" ">
    <subfield code="a">G&#xF3;mez Cruz, Adalberto</subfield>
    <subfield code="e">asesor</subfield>
  </datafield>
  <datafield tag="700" ind1="1" ind2=" ">
    <subfield code="a">Rubio Hern&#xE1;ndez, David</subfield>
    <subfield code="e">asesor</subfield>
  </datafield>
  <datafield tag="901" ind1=" " ind2=" ">
    <subfield code="a">TESIS G37 1992</subfield>
  </datafield>
  <datafield tag="902" ind1=" " ind2=" ">
    <subfield code="a">M</subfield>
  </datafield>
  <datafield tag="905" ind1=" " ind2=" ">
    <subfield code="a">0000001992                          mx A   0000000000spa00</subfield>
  </datafield>
  <datafield tag="942" ind1=" " ind2=" ">
    <subfield code="c">TESIS</subfield>
    <subfield code="2">Clasificaci&#xF3;n Universidad Aut&#xF3;noma Chapingo</subfield>
  </datafield>
  <datafield tag="999" ind1=" " ind2=" ">
    <subfield code="c">171072</subfield>
    <subfield code="d">171072</subfield>
  </datafield>
  <datafield tag="952" ind1=" " ind2=" ">
    <subfield code="0">0</subfield>
    <subfield code="1">0</subfield>
    <subfield code="2">local</subfield>
    <subfield code="4">0</subfield>
    <subfield code="5">5</subfield>
    <subfield code="7">0</subfield>
    <subfield code="8">TESIS</subfield>
    <subfield code="a">IA_</subfield>
    <subfield code="b">IA_</subfield>
    <subfield code="e">El autor</subfield>
    <subfield code="l">0</subfield>
    <subfield code="o">Tesis G37 1992</subfield>
    <subfield code="p">1101011320</subfield>
    <subfield code="r">2026-02-02 00:00:00</subfield>
    <subfield code="t">Ej. 2</subfield>
    <subfield code="y">TESIS</subfield>
  </datafield>
  <datafield tag="952" ind1=" " ind2=" ">
    <subfield code="0">0</subfield>
    <subfield code="1">0</subfield>
    <subfield code="2">local</subfield>
    <subfield code="4">0</subfield>
    <subfield code="5">1</subfield>
    <subfield code="7">0</subfield>
    <subfield code="8">TESIS</subfield>
    <subfield code="a">IA_</subfield>
    <subfield code="b">IA_</subfield>
    <subfield code="e">El autor</subfield>
    <subfield code="l">0</subfield>
    <subfield code="o">Tesis G37 1992</subfield>
    <subfield code="p">1101016076</subfield>
    <subfield code="r">2026-02-02 00:00:00</subfield>
    <subfield code="t">Ej. 1</subfield>
    <subfield code="y">TESIS</subfield>
  </datafield>
</record>
